书目信息 |
| 题名: |
基于核心素养的小学语文生本教育
|
|
| 作者: | 赖菊香 著 | |
| 分册: | ||
| 出版信息: | 长春 吉林人民出版社 2019.12 |
|
| 页数: | 146页 | |
| 开本: | 24cm | |
| 丛书名: | ||
| 单 册: | ||
| 中图分类: | G623.203 | |
| 科图分类: | ||
| 主题词: | 小学语文课--教学研究 | |
| 电子资源: | ||
| ISBN: | 978-7-206-16849-9 | |
| 000 | 00939nam0 2200229 45 | |
| 001 | 012001000840 | |
| 005 | 20140820093714.0 | |
| 010 | @a978-7-206-16849-9@dCNY39.00 | |
| 100 | @a20201022d2019 em y0chiy0110 ea | |
| 101 | 0 | @achi |
| 102 | @aCN@b220000 | |
| 105 | @ay z 000yy | |
| 106 | @ar | |
| 200 | 1 | @a基于核心素养的小学语文生本教育@Aji yu he xin su yang de xiao xue yu wen sheng ben jiao yu@f赖菊香著 |
| 210 | @a长春@c吉林人民出版社@d2019.12 | |
| 215 | @a146页@d24cm | |
| 330 | @a本书分为六章,阐述了语文核心素养的基础理论研究,论述了生本教育的基础理论研究,对生本教育理念在小学语文课堂教学中的应用进行了探索,对生本教育理念在小学语文古诗教学中的应用进行了研究,论述了生本教育理念在小学语文阅读教学中的应用,诠释了生本教育理念在小学语文写作教学中的应用。 | |
| 606 | 0 | @a小学语文课@x教学研究 |
| 690 | @aG623.203@v5 | |
| 701 | 0 | @a赖菊香@Alai ju xiang@4著 |
| 801 | @aCN@bAHXH@c20210922 | |
| 905 | @b1247342-6@dG623.203@e1357@f5 | |
| 基于核心素养的小学语文生本教育/赖菊香著.-长春:吉林人民出版社,2019.12 |
| 146页;24cm |
| ISBN 978-7-206-16849-9:CNY39.00 |
| 本书分为六章,阐述了语文核心素养的基础理论研究,论述了生本教育的基础理论研究,对生本教育理念在小学语文课堂教学中的应用进行了探索,对生本教育理念在小学语文古诗教学中的应用进行了研究,论述了生本教育理念在小学语文阅读教学中的应用,诠释了生本教育理念在小学语文写作教学中的应用。 |
| ● |
| 相关链接 |
|
|
|
|
正题名:基于核心素养的小学语文生本教育
索取号:G623.203/1357
 
预约/预借
| 序号 | 登录号 | 条形码 | 馆藏地/架位号 | 状态 | 备注 |
| 1 | 1247342 | 212473429 | 第一样本阅览室/ [索取号:G623.203/1357] | 在馆 | |
| 2 | 1247343 | 212473438 | 教育系资料室/ [索取号:G623.203/1357] | 在馆 | |
| 3 | 1247344 | 212473447 | 教育系资料室/ [索取号:G623.203/1357] | 在馆 | |
| 4 | 1247345 | 212473456 | 第四借阅区/ [索取号:G623.203/1357] | 在馆 | |
| 5 | 1247346 | 212473465 | 第四借阅区/ [索取号:G623.203/1357] | 在馆 |